Normal view
MARC view
Entry Término temático
001 - NÚMERO DE CONTROL
- campo de control: 80725
003 - IDENTIFICADOR DEL NÚMERO DE CONTROL
- campo de control: DO-SdBNP
005 - FECHA Y HORA DE LA ÚLTIMA TRANSACCIÓN
- campo de control: 20211124093803.0
008 - DATOS DE LONGITUD FIJA
- campo de control de longitud fija: 211124|| aca||aabn | a|a d
040 ## - FUENTE DE LA CATALOGACIÓN
- Centro catalogador/agencia de origen: DO-SdBNP
- Centro/agencia transcriptor: DO-SdBNP
150 ## - ENCABEZAMIENTO--TÉRMINO DE MATERIA
- Término de materia o nombre geográfico como elemento de entrada: Ciudades y pueblos
- Subdivisión geográfica: República Dominicana, Barahona
670 ## - FUENTE DE DATOS ENCONTRADOS
- Cita de la fuente: Work cat.: (DO-SdBNP)6165: Ramírez de Rodríguez, Águeda Celeste A. 17725, Barahona y su gente :, 2006.
